000 00358nam a22001457a 4500
003 SGT
020 _a978-1-63927-546-5
082 _a615.1
_bLED
100 _aLEDGER, RODRIK
245 _aPHARMACEUTICAL SCIENCES AN INTEGRATED APPROACH
260 _aUSA
_bAMERICAN MED.PUB.
_c2021
300 _a198
650 _aPHARMACEUTICAL SCIENCES
942 _2ddc
_cBK
999 _c33101
_d33101